Регионална библиотека "Любен Каравелов" - Русе

Живопис, обучение и творчество (Запис номер 111750)

MARC детайли
000 -Лидер
Контролно поле с фиксирана дължина 01543nam a2200373 c 4500
003 - Код на организацията, давaща контролен номер
Контролно поле BLK
005 - Дата и час на последна редакция
Контролно поле 20180420230749.0
008 - Елементи от данни с фиксирана дължина
fixed length control field 180409b bul|||||r ||||||| ||bul||
010 ## - Наследен системен номер
LC control number KNG00117100000
020 ## - Международен стандартен номер на книга ISBN
Международен стандартен номер на книга ISBN 954-680-294-8
-- издат.: Унив. изд. Неофит Рилски
040 ## - Източник на каталожния запис
Идентификатор на билиотеката - собственик на записа BLK
041 ## - Код за език
Код за езика на текст/звукозапис или на отделно заглавие Български
Код за езика КДБФ Български
080 ## - УДК
Текстов определител УДК Живопис
УДК код - определител по УДК 75
УДК определител (072)
УДК - код + определител 75(072)
100 1# - Редна дума - Автор
Автор Куков, Емил Илиев
Авторска отговорност първи автор
R(LIN) 311550
139 ## - Редно поле
Редна дума Куков, Емил Илиев
Авторски знак Ку - К 93
245 10 - Сведения за заглавието
Заглавие Живопис, обучение и творчество
Редно поле (дума) Емил Илиев Куков.
246 11 - Различни форми на заглавието
Паралелно заглавие Paiting Education and Creation
257 ## - Страна на издаване
Страна на създаване/издаване България
260 ## - Област на издателските данни
-- Благоевград
Име на издателя, разпространителя и проч. Унив. изд. Неофит Рилски
Година на издаване 2003
Печатница Благоевград : Ираник-М
300 ## - Физическа характеристика
Страници 137 с.
Илюстрации и др. с ил.
Размери/Мащаб 24 см
380 ## - Жанр
Жанр Изкуство
500 ## - Общи забележки
Забележка Библиогр. с. 135-136 ; Рез. на англ. ез. Одобрено с протокол № 56/4.04.2003 г. на МОН
650 #4 - Допълнително описание по предмет – тема
Основно описание – тема или топоним Живопис - методика на преподаването - за ВУЗ
9 (RLIN) 311551
653 ## - Ключова дума – ненормативна
Ключова дума живопис
653 ## - Ключова дума – ненормативна
Ключова дума методика на преподаването
653 ## - Ключова дума – ненормативна
Ключова дума портрети
653 ## - Ключова дума – ненормативна
Ключова дума натюрморт
720 ## - Неконтролирано име
Паралелен автор Emil Kukov
Ключова дума за отношение (Описва отношението между автора и произведението) паралелен автор
852 ## - Местоположение
Форматна сигнатура Цб 222335
856 4# - Електронен адрес и достъп
Електронен формат pdf - файл
Път до файла /url/
856 4# - Електронен адрес и достъп
Електронен формат pdf - файл
Път до файла /url/
942 ## - АРТИКУЛИ
Вид на библиотечния материал Книги
Скрит в OPAC Не
944 ## - СЪЗДАВАНЕ И РЕДАКЦИЯ на ЗАПИСА
Създаване/Редакция Създаване
Дата на регистрацията/редакция 24.01.2005
Статус, дата на статуса ф /
Служител, извършил регистрацията/редакцията Пенка_Димитрова
944 ## - СЪЗДАВАНЕ И РЕДАКЦИЯ на ЗАПИСА
Създаване/Редакция Редакция
Дата на регистрацията/редакция 18.11.2014
Статус, дата на статуса ф /
Служител, извършил регистрацията/редакцията Людмила_Стоянова
999 ## - СИСТЕМНИ КОНТРОЛНИ НОМЕРА
Koha biblionumber 111750
Koha biblioitemnumber 111750
Наличности
Код за отписване Код за изгубен артикул Източник на класификационната схема Код за повреда Коз за рестрикции Код за отдаване Артикулен № Име на библиотеката - собственик Име на библиотеката, в която се намира в момента Статус (Текущо местоположение) Дата на вписване в системата Местоположение - отдел Цена в лева Инвентарен номер Систематично азбучна сигнатура Баркод Номер на екземпляра Цена в евро Служебна бележка Служебен тип на артикула
  Не е изгубен Universal Decimal Classification Не е повреден само за читалня ползва се в читалня 179412 Регионална библиотека "Любен Каравелов" Русе Регионална библиотека "Любен Каравелов" Русе Хранилище 2005-01-24 Хранилище 0.00 120000691350 Цб 222335 120000691350 1 0.00 Дост: Dp Вид: Д N: 13 Дата: 17.03.2004 Книги
  Не е изгубен Universal Decimal Classification Не е повреден без рестрикции заемане за дома 179413 Регионална библиотека "Любен Каравелов" Русе Регионална библиотека "Любен Каравелов" Русе Отдел Изкуство - подръчен фонд 2014-11-06 Отдел Изкуство - подръчен фонд 6.80 120000782054 75/К 93 120000782054 2 3.48 Дост: Pk Вид: Ф N: 415 Дата: 06.11.2014 Книги
Vip Innovations Ltd, Rousse, Bulgaria 2025